| 000 | 00420nam a22001457a 4500 | ||
|---|---|---|---|
| 005 | 20250512164401.0 | ||
| 008 | 250512b |||||||| |||| 00| 0 eng d | ||
| 020 | _a9781861522375 | ||
| 050 |
_aHF5437 _bPUR |
||
| 100 | _aWeele, A. J. Van | ||
| 245 |
_aPurcharsing management; _banalysis, planning and practice |
||
| 260 |
_aLondon _bInternational Thomson Business Press _cc1994 |
||
| 300 | _aix, 284p | ||
| 942 |
_2lcc _cBK _n0 |
||
| 999 |
_c5736 _d5736 |
||